| 000 | 00000nam##2200000za#4500 |
| 001 | 9.592784 |
| 003 | CaOODSP |
| 005 | 20250403105027 |
| 007 | cr ||||||||||| |
| 008 | 150406|2003||||xxc|||||o f|0| 0 fre|d |
| 020 | |a0-662-89162-7 |
| 022 | |a1707-3448 |
| 040 | |aCaOODSP|bfre |
| 043 | |an-cn--- |
| 086 | 1 |aCS13-0031/10F-IN |
| 245 | 00|aMesure de la production, de la valeur ajoutée et du PIB au Canada et aux États-Unis : |h[ressource électronique]|bsimilitudes et différences / |cPar Kishori Lal. |
| 260 | |bStatistique Canada |c2003. |
| 300 | |a66p. |
| 490 | 1 |aRévision historique 1997 du Système de comptabilité nationale du Canada|x1707-3448|vN° 10 |
| 590 | |a06-05-Supp|b2006-10-02 |
| 691 | 07|aComptes publics|2gcpds |
| 691 | 07|aFinances internationales|2gcpds |
| 710 | 2 |aStatistique Canada. |
| 720 | 1 |aLal, Kishori |
| 775 | 08|tMeasurement of output, value added, GDP in Canada and the United States : |w(CaOODSP)9.560096 |
| 830 | #0|aRévision historique 1997 du Système de comptabilité nationale du Canada,|x1707-3448|vN° 10|w(CaOODSP)9.501121 |
| 856 | 40|ahttp://publications.gc.ca|qPDF|s351 Ko|uhttps://publications.gc.ca/collections/Collection/Statcan/13F0031M/13F0031MIF2003010.pdf|yN° 10 |